Spinoza et le panthéisme religieux
Gardado en:
| Autor Principal: | |
|---|---|
| Formato: | Libro |
| Idioma: | francés |
| Publicado: |
París
Desclée de Brouwer
1950
|
| Series: | Bibliothèque Francais de Philosophie
|
| Subjects: | |
| Tags: |
Engadir etiqueta
Sen Etiquetas, Sexa o primeiro en etiquetar este rexistro!
|
MARC
| LEADER | 00000nam a2200000 a 4500 | ||
|---|---|---|---|
| 001 | UCZ5322 | ||
| 003 | CL-VaPUC | ||
| 008 | 951117e19500000FR |||||||||||||||||fre|d | ||
| 082 | 0 | 4 | |a 149.7 |b SIW |2 21 |
| 100 | 0 | |a Siwek, Paulo |e author |9 349269 | |
| 245 | 1 | 0 | |a Spinoza et le panthéisme religieux |
| 300 | |a 309 p | ||
| 942 | |c BK | ||
| 945 | |d 19951117 00:00:00 |a lriquelm | ||
| 260 | |a París |b Desclée de Brouwer |c 1950 | ||
| 600 | 0 | 7 | |a SPINOZA, BENEDICTUS DE |2 CL-VaPUC |9 319727 |
| 650 | 0 | |a Racionalismo |9 259116 | |
| 650 | 0 | |a Escuelas filosóficas |9 266232 | |
| 650 | 0 | |a Filosofía judía |9 265155 | |
| 650 | 7 | |a PANTEISMO |2 CL-VaPUC |9 338863 | |
| 650 | 0 | |a Teología |9 258766 | |
| 650 | 0 | |a Ética |9 255099 | |
| 650 | 0 | |a Cristianismo |9 257361 | |
| 650 | 0 | |a Creencia Religiosa |9 316904 | |
| 650 | 0 | |a Muerte |9 265114 | |
| 583 | |a last modification |c 19951117 00:00:00 |k Rodrigo Vera | ||
| 490 | 0 | |a Bibliothèque Francais de Philosophie | |
| 999 | |c 241641 |d 241639 | ||
| 952 | |0 0 |1 0 |4 0 |6 149_700000000000000_SIW_1950 |7 0 |8 P |9 254020 |a BIBEDU |b BIBEDU |c BIBEDU_PB |d 2019-11-19 |i 1571494 |o 149.7 SIW 1950 |p 1571494 |r 2024-01-25 |w 2019-11-19 |y BK |k FIL | ||